000 00325nam a2200109Ia 4500
008 190914s9999||||xx |||||||||||||| ||und||
100 _aMuhammad Taqi Usmani
245 4 _aThe Historic Judgement On interest Delivered In The Supereme Court of Pakistan
260 _aKarachi
_bIdaratul-,Marif
_c2003
300 _a242
942 _cBK
999 _c9823
_d9823